| 000 | 00916cam a2200241 4500 | ||
|---|---|---|---|
| 001 | WB3743-03 | ||
| 008 | 011112n2001 000 0 eng u | ||
| 035 | _a(Sirsi) u115570 | ||
| 245 | _aExtra costs imposed | ||
| 260 | _c2001 | ||
| 490 |
_aContract Journal _v411(6352) 7 November 2001, 4(1) |
||
| 520 | _aThe European Court of Justice has ruled that British construction firms sending employees to jobs in EU countries with more generous social welfare regulations may be ordered to contribute to foreign benefits not available in the UK. The ruling backed the German government which requires foreign firms to pay into a special collective fund. | ||
| 590 | _aWB | ||
| 650 | _aEUROPE | ||
| 650 | _aSOCIAL WELFARE | ||
| 650 | _aBENEFITS | ||
| 650 | _aGERMANY | ||
| 650 | _aCONTRIBUTIONS | ||
| 650 | _aWORKING OVERSEAS | ||
| 650 | _aCONSTRUCTION FIRMS | ||
| 690 | _aBUILT ENVIRONMENT | ||
| 942 | _n0 | ||
| 999 |
_c68827 _d68827 |
||